000 00227nam a2200097Ia 4500
008 240331s9999 xx 000 0 und d
082 _a294.5
_bSHA
100 _aSharma, N
245 4 _aThe Kamarupa school of dharmasastra
942 _cL
999 _c951
_d951